Leyendas de Guatemala /

Guardado en:
Detalles Bibliográficos
Autor principal: Asturias, Miguel Angel (autor)
Formato: Libro
Idioma:Español
Publicado: Buenos Aires, Argentina : Losada, 1968, c1957
Edición:3a edición
Colección:(Biblioteca Clásica y Contemporánea) [s.n.]
Temas:
Etiquetas: Agrega una etiqueta
Sin etiquetas, Sé el primero en etiquetar este registro!

MARC

LEADER 00000nam^a2200000^a^4500
001 000100546
005 20250521000000.0
009 20260526122002.807
037 |a Acervo ITESO - Biblioteca 
041 |a ESP 
082 |a 863.  |b AST 
100 |a Asturias, Miguel Angel  |e (autor) 
240 1 1 |a [Leyendas de Guatemala] 
245 1 0 |a Leyendas de Guatemala /  |c M.A. Asturias. 
250 |a 3a edición 
264 4 |a Buenos Aires, Argentina :  |b Losada,  |c 1968, c1957 
300 |a 169 p. 
336 |a texto  |b txt  |2 rdacontenido 
337 |a sin mediación  |b n  |2 rdamedio 
338 |a volumen  |b nc  |2 rdasoporte 
440 1 |a (Biblioteca Clásica y Contemporánea) [s.n.] 
545 0 |a Miguel Angel Asturias (1899-1974), escritor guatemalteco, se licenció como abogado en la Universidad Nacional de San Carlos, en Guatemala, ejerció el periodismo, la docencia y desempeñó cargos políticos como la de diputado y embajador. Sus obras retoman la representación del mundo mítico de sus raíces autóctonas y expresan su compromiso social y político. En 1967 recibió el Premio Nobel de Literatura. Entre sus obras se encuentran, en novelas: El señor presidente (1946), Hombres de maíz (1949), Viento fuerte (1950), El papa verde (1954), Torumbo (1956), Los ojos enterrados (1960), El alhajadito (1961), Mulata de tal (1963), Viernes de dolores (1972); en cuentos: Leyendas de Guatemala (1930), El espejo de Lida Sal (1967); en poesía: Mensajes indios (1958), Clarivigilia primaveral (1965); en teatro: Soluna (1955), La audiencia de los confines (1957). 
586 |a Premio Nobel de Literatura 1967 
649 |a XX 
650 |a Mayas -  |z Guatemala -  |x Condiciones Sociales y Culturales 
650 |a Indígenas de América Central -  |z Guatemala -  |x Condiciones Sociales y Culturales 
650 |a Leyendas Guatemaltecas 
650 |a Literatura Indigenista -  |z Guatemala 
650 |a Realismo Mágico -  |z Guatemala 
650 |a Literatura y Sociedad -  |z Guatemala 
650 |a Literatura Guatemalteca -  |y Siglo XX 
650 |a Identidad Nacional -  |z Guatemala 
650 |a Identidad Cultural -  |z Guatemala 
910 |a Fondo Jesús Rodríguez 
920 |a Impresos - Libros 
930 |a Fondos Especiales 
940 |a Literatura 
905 |a 113 
901 |a 0500036559  |b IT2  |c ESP  |u 20250521 
902 |a https://opac.biblio.iteso.mx/vufind/Record/000100546